Statystyki dla Najbardziej rozwinięte państwa z wyjątkami

Kliknij tutaj aby rozwiązać quiz!

Ogólne statystyki

  • Ten quiz został rozwiązany 10 272 razy
    (4 089 od ostatniego zresetowania)
  • Średni wynik to 13 z 21

Statystyki odpowiedzi

HDIKraj% Poprawnych
0,921Stany Zjednoczone
98%
0,936Kanada
92%
0,925Japonia
91%
0,951Australia
84%
0,925Korea Południowa
82%
0,937Nowa Zelandia
77%
0,875Arabia Saudyjska
72%
0,911Zjednoczone Emiraty Arabskie
71%
0,855Katar
70%
0,939Singapur
67%
0,919Izrael
61%
0,842Argentyna
59%
0,831Kuwejt
58%
0,838Turcja
58%
0,916Tajwan
56%
0,816Oman
55%
0,875Bahrajn
54%
0,855Chile
52%
0,896Cypr
36%
0,829Brunei
33%
0,812Bahamy
21%

Rozkład punktacji

Percentyl według liczby udzielonych odpowiedzi

Procent ludzi z każdym wynikiem

Twoja historia wyników

Nie rozwiązałeś tego quizu od ostatniego zresetowania